| 000 | 00000nam##2200000za#4500 |
| 001 | 9.602978 |
| 003 | CaOODSP |
| 005 | 20210624210835 |
| 007 | cr ||||||||||| |
| 008 | 150406|2008||||xxc|||||o f|0| 0 fre|d |
| 040 | |aCaOODSP|bfre |
| 043 | |an-cn--- |
| 086 | 1 |aFs70-4/2007-059F-PDF |
| 110 | 1 |aCanada. |bMinistère des pêches et des océans. |
| 245 | 10|aPratiques exemplaires de gestion afin de réduire les effluents provenant de l'industrie de la transformation de produits marins au Canada atlantique : |h[ressource électronique]|brésultats d'une recherche visant à élaborer des pratiques exemplaires de gestion afin de contrôler les effluents et de conserver l'eau, les matières premières et l'énergie dans l'industrie de la transformation des produits de la mer / |cpréparé par C.J. Morry ... [et al.]. |
| 260 | |aMoncton - Nouveau-Brunswick : |bPêches et Océans Canada |cJuin 2008. |
| 300 | |a83p.|bphotographies |
| 490 | 1 |aSecrétariat canadien de consultation scientifique, série des comptes rendus|v2007/059 |
| 500 | |a« Du 15 au 16 février 2006 »--Couverture. |
| 546 | |aEn français avec avant-propos et sommaire bilingues. |
| 590 | |a11-31-Supp|b2011-12-13 |
| 720 | 1 |aMorry, C. J. |
| 775 | 08|tPractical best management practices for reduction of effluent from seafood processing in Atlantic Canada : |w(CaOODSP)9.572634 |
| 830 | #0|aCompte rendu (Secrétariat canadien de consultation scientifique)|v2007/059|w(CaOODSP)9.502879 |
| 856 | 40|ahttp://publications.gc.ca|qPDF|s763 Ko|uhttps://publications.gc.ca/collections/collection_2011/mpo-dfo/Fs70-4-2007-059-fra.pdf|y2007/059 |